Insectos, ácaros y enfermedades asociadas a la frambuesa
Bewaard in:
| Hoofdauteurs: | , , , |
|---|---|
| Formaat: | Boek |
| Taal: | Spaans |
| Gepubliceerd in: |
Chillán
INIA
2000
|
| Reeks: | Guía de Campo, 2
|
| Onderwerpen: | |
| Tags: |
Voeg label toe
Geen labels, Wees de eerste die dit record labelt!
|
MARC
| LEADER | 00000nam a2200000 a 4500 | ||
|---|---|---|---|
| 001 | UCM0867 | ||
| 003 | CL-VaPUC | ||
| 008 | 020315e20000000CL |||||||||||||||||spa|d | ||
| 082 | 0 | 4 | |a 632.9 |b CIS |2 21 |
| 100 | 0 | |a Cisternas A., Ernesto |e author |9 467895 | |
| 700 | 0 | |a France I., Andrés |e author |9 467896 | |
| 700 | 0 | |a Devotto M., Luis |e author |9 467897 | |
| 700 | 0 | |a Gerding P., Marcos |e author |9 467898 | |
| 245 | 1 | 0 | |a Insectos, ácaros y enfermedades asociadas a la frambuesa |
| 300 | |a 44 p | ||
| 942 | |c BK | ||
| 945 | |d 20020315 00:00:00 |a cmena | ||
| 260 | |a Chillán |b INIA |c 2000 | ||
| 650 | 7 | |a FRAMBUESA - ENFERMEDADES |2 CL-VaPUC |9 467899 | |
| 650 | 7 | |a INSECTOS PLAGA |2 CL-VaPUC |9 467900 | |
| 650 | 0 | |a Control de enfermedades |9 371520 | |
| 583 | |a last modification |c 20020315 00:00:00 |k Rodrigo Vera | ||
| 490 | 0 | |a Guía de Campo, 2 | |
| 999 | |c 299675 |d 299673 | ||
| 952 | |0 0 |1 0 |4 0 |6 632_900000000000000_CIS_2000 |7 0 |8 A |9 356450 |a BIBAGR |b BIBAGR |d 2019-11-21 |i 3798917 |o 632.9 CIS 2000 |p 3798917 |r 2025-01-20 |w 2019-11-21 |y BK |k AGR | ||